Statistiques concernant Pays ayant perdus face au Liechtenstein

Cliquez ici pour prendre le quiz!

Statistiques générales

  • Ce quiz a été pris 62 fois
  • Le résultat moyen est 6 sur 14

Statistiques - réponses

DateÉquipeScore% Correct
09/02/2011
31/03/2015
08/09/2020
Saint-Marin1-0
1-0
0-2
98%
14/08/2012Andorre1-0
81%
13/10/2004
07/09/2005
07/10/2020
Luxembourg4-0
3-0
1-2
70%
09/09/2018Gibraltar2-1
67%
03/06/2011Lituanie2-0
52%
15/11/2014Moldavie1-0
52%
28/03/2007Lettonie1-0
50%
17/10/2007Islande3-0
39%
14/10/1998Azerbaïdjan2-1
35%
06/06/1982Chine2-0
20%
14/12/2017Qatar2-1
15%
30/04/2003Arabie Saoudite1-0
11%
22/06/1981Indonésie3-2
7%
05/10/1981Malaisie1-0
6%

Distribution des résultats

Percentile par nombre de réponses

% des personnes avec chaque résultat

Votre développement - résultats

Vous n’avez pas pris ce quiz